| 000 | 01012cam a2200253 4500 | ||
|---|---|---|---|
| 008 | 090401t1988 xxu||||| |||| 00| 0 eng d | ||
| 020 | _a0854063617 | ||
| 035 | _a(Sirsi) u45464 | ||
| 041 | _aeng | ||
| 050 | _a692.3 | ||
| 110 |
_aRoyal Institution of Chartered Surveyors _94900 |
||
| 245 |
_aSMM7 : a code of procedure for measurement of building works _h[archived] |
||
| 260 |
_aLondon _bRoyal Institution of Chartered Surveyors _c1988 |
||
| 300 | _a58p. ; 30cm. | ||
| 350 | _a7.5 | ||
| 490 | _aCo-ordinated Project Information | ||
| 520 | _aArchived in March 2012 and superseded by NRM2 | ||
| 650 | _aCO-ORDINATING COMMITTEE FOR PROJECT INFORMATION | ||
| 650 | _aBUILT ENVIRONMENT-QUANTITY SURVEYING-STANDARD METHOD OF MEASUREMENT | ||
| 710 |
_aBuilding Employers Confederation _91705 |
||
| 856 |
_uhttps://www.isurv.com/downloads/download/1232/smm7_standard_method_of_measurement_of_building_works_archived _zarchived on isurv (subscription required) |
||
| 942 |
_n0 _2ddc |
||
| 948 | _c04/03/1997 | ||
| 999 |
_c91729 _d91729 |
||